Responses for Show #1600 - Friday, July 12, 1991

1991 Seniors Tournament quarterfinal game 5.

Contestants

[<< previous game]

Malcolm Post, a real estate sales agent from San Francisco, California

Bob Olsen, a marketing teacher from Northbrook, Illinois

Patricia Miller, a registered nurse from Peekskill, New York

[next game >>]

Jeopardy! Round responses

THE '60s
FOOD
POT LUCK
SHOW MUSIC
SCIENCE
PRO BASKETBALL
    $100 26
Khrushchev

Bob
    $100 2
chicken

Malcolm
    $100 7
(Patricia: What is Belfast?)

Dublin

PatriciaBob
    $100 12
together

Patricia
    $100 1
aluminum

Bob
    $100 17
Michael Jordan

Bob
    $200 27
Sony

Malcolm
    $200 3
(Patricia: What is pork?)
(Alex: Be more specific.)

ham

Patricia
    $200 8
nouveau riche

Bob
    $200 13
getting married

Bob
    $200 22
bicep

Patricia
    $200 18
Wilt Chamberlain

Bob
    $300 28
Woodstock

Bob
    $300 4
truffles

Bob
    $300 9
(Malcolm: What is [**]?)
[Malcolm's response was ruled incorrect and the decision was reversed after the break.]

hoosegow (**jug)

BobMalcolm
    $300 14
(Malcolm: What is Fairyland?)

Never Never Land

PatriciaMalcolm
    $300 23
(Bob: What is pink eye?)
...
(Alex: We have less than a minute to go in the round.)

a stye

BobMalcolm
    $300 19
Red Auerbach

Bob
    $400 29
Iraq

Bob
    $500 5
(Bob: What are almonds?)

chestnuts

Bob
    $400 10
a boomerang

Bob
    $400 15
comedy

Bob
    $400 24
the Big Bang Theory

Patricia
    $400 20
the Detroit Pistons

Bob
    $500 30
(George) Romney

Bob
    $500 6
cheese

Malcolm
    $500 11
Benazir Bhutto

Triple Stumper
    $500 16
a mutual admiration society

Bob
    $500 25
copper

Triple Stumper
    $500 21
[Applause]
(Alex: Nicely done; your knowledge of basketball paid off.)

(1 of) the Miami Heat (Orlando Magic)

Bob

Scores at the first commercial break (after clue 14):

Patricia Bob Malcolm
$500 $1,100 $600

Scores at the end of the Jeopardy! Round:

Patricia Bob Malcolm
$1,100 $4,500 $1,100

Double Jeopardy! Round responses

THE OLD WEST
THE BIBLE
FASHION
ISLANDS
U.S. GOVERNMENT
LITERARY "LAST"s
    $200 3
Billy the Kid

Bob
    $200 26
gold

Bob
    $200 13
stockings

Malcolm
    $200 5
the Shetlands

Bob
    $200 2
railroad

Bob
    $200 1
Last of the Mohicans

Malcolm
    $400 4
(Patricia: Who is Butch Cassidy?)

the Sundance Kid

PatriciaMalcolm
    $400 27
Methuselah

Patricia
    $400 14
a harem

Bob
    $1,000 6
(Bob: What is Formosa or [*]?)

Taiwan

Bob
    $400 18
Sargent Shriver

Bob
    $400 22
The Last Days of Pompeii

Bob
    $600 8
(Patricia: What is, who is Wild Bill Hickok?)

Buffalo Bill (William Cody)

PatriciaBob
    $600 28
cutting your hair

Bob
    $600 15
a bustle

Patricia
    $600 7
Canada

Bob
    $600 19
a rider

Malcolm
    $600 23
The Last Hurrah

Bob
    $800 9
Cole Younger

Malcolm
    $1,000 29
Ruth

Bob
    $800 16
Amelia Bloomer

Patricia
    $800 11
Lake Erie

Bob
    $800 20
the General Accounting Office (GAO)

Bob
    $800 24
Last Exit to Brooklyn

Triple Stumper
    $1000 10
Ned Buntline

Bob
    $1000 30
(Patricia: Who is Luke?)

Barnabas

Patricia
Triple Stumper
    $1000 17
macaroni

Bob
    $1000 12
(Bob: What is Oahu?)

Maui

BobMalcolm
    $1000 21
Dan Rostenkowski

Bob
    $1000 25
"The Last Rose of Summer"

Bob

Scores at the end of the Double Jeopardy! Round:

Patricia Bob Malcolm
$900 $15,500 $4,300
(lock game)

Final Jeopardy! Round responses

AFRICA
PatriciaWhat are Morocco & Egypt?
$900
MalcolmWhat are S. Africa & Ethiopia?
$1,700
BobWhat are Egypt & Ethiopia?
$500
(2 of) Egypt, South Africa, Ethiopia & Liberia

Final scores:

Patricia Bob Malcolm
$0 $16,000 $6,000
3rd place: $1,000 if eliminated Automatic semifinalist 2nd place: $1,000 if eliminated

Game dynamics:

Coryat scores:

Patricia Bob Malcolm
$900 $15,200 $4,300
8 R,
4 W
37 R
(including 2 DDs),
3 W
(including 1 DD)
11 R,
1 W

Combined Coryat: $20,400

[game clues] [game scores] [suggest correction]

Game tape date: 1991-03-25
The J! Archive is created by fans, for fans. Scraping, republication, monetization, and malicious use prohibited; this site may use cookies and collect identifying information. See terms. The Jeopardy! game show and all elements thereof, including but not limited to copyright and trademark thereto, are the property of Jeopardy Productions, Inc. and are protected under law. This website is not affiliated with, sponsored by, or operated by Jeopardy Productions, Inc. Join the discussion at JBoard.tv.